Language Quiz

Random Language or Letter Quiz

Add a 'QU' Quiz Stats

Quiz Updated Oct 8, 2012

Also try: Add a 'TH'
Challenge
Share
Tweet
Embed
Score 0/22 Timer 05:00
3 Plays Today
Clue Answer % Correct
The Big ____ (New Orleans)Easy → queasy
95.3%
The 'A' of MoMAart → quart
89.1%
What yeast causes dough to dorise → risqué
87.7%
What International Red Cross providesaid → Quaid
86.6%
Biblical boatark → quark
84.8%
Character name in 'Ice Age' and 'Toy Story'Sid → squid
84.6%
What morphine relievespain → Paquin
84.1%
Dessert cut into slicespie → pique
81.7%
Hotfooted itran → Quran
80.2%
Close with waxseal → squeal
79%
Burning bush witnessMoses → mosques
74.5%
Clue Answer % Correct
German indefinite articleeine → equine
74.2%
Acid's oppositebase → Basque
73.4%
Miss America accessorysash → squash
73.1%
____ Too Proud to BegAin't → quaint
69.9%
Disappear into thin airvanish → vanquish
69.4%
Male parent of a horsesire → squire
66%
Took a load offsat → squat
65.4%
Money for the pooralms → qualms
63%
Separated perforated papertore → torque
43.5%
McGwire broke his home run record in 1998Maris → Marquis
41.7%
Beginning, as of a new seasononset → Quonset
22.5%

You're not logged in!

Compare scores with friends on all Sporcle quizzes.
Join for Free
OR
Log In

You Might Also Like...

Show Comments

Extras

Top Quizzes Today


Score Distribution

Your Account Isn't Verified!

In order to create a playlist on Sporcle, you need to verify the email address you used during registration. Go to your Sporcle Settings to finish the process.

Report this User

Report this user for behavior that violates our Community Guidelines.

Details: